1315 1258 1420 1305 1638 1388 1347 1165 1063 1456 1229 1951 1204 1536 1126 1457 1924 1906 1355 1581 1665 1092 1836 1577 1170 1424 1279 1611 1977 1091 1617 1544 1264 1885 1661 1612 1435 1337 1963 1170 1948 1534 1968 1711 1291 1047 1351 1449 1040 1234 1799 1027 1551 1505 1279 1648 1268 1453 1326 1181 1967 1526 1820 1933 1308 1562 1012 1341 1955 1078 1520 1460 1909 1025 1076 1853 1435 1359 1352 1114 1458 1768 1266 1035 1955 1453 1840 1264 1826 1984 1496 1945 1213 1185 1596 1226 1976 1525 1102 BCNSPRNW ULIB Ver.6.0+V

เปลี่ยนเป็นภาษาไทย

Change to English
 แสดงรายละเอียดบรรณานุกรม
  กลับหน้าหลัก

Brief Record : Get Marc (ISO 2709) : E-mail record : QR code < ปิดหน้าต่าง
LEADER : 00000nam 2200000uu 4500
001    13399113413
003     ULIB
008    020711s2553 th a 000 0 tha d
020    ^a9749747519341
099    ^aนว.ก759พ 2550
100    ^aเกตุวดี
245    ^aเพียงถ้าวันนั้น..ฉันจะไม่รักเธอ/^cเกตุวดี
250    ^aพิมพ์ครั้งที่ 1
260    ^aกรุงเทพฯ :^bร้านนครสาส์น,^c2550
300    ^a700 หน้า
710 1  ร้านนครสาส์น
945    ^p330^l0^i022006
995    ทศพร
999 ^a ^aวรรณษา ชูชัยมงคล
รายการนี้ยังไม่มีแท็ก
คุณยังไม่ได้ล็อกอิน คุณสามารถมีกิจกรรมร่วมกับเว็บไซต์ได้ แต่ต้องล็อกอินก่อน ::
  ล็อกอิน

รายการสื่อสารสนเทศ

ลำดับที่ ประเภท เลขเรียก/บาร์โค้ด สถานที่ สถานะ
1. นวนิยาย
นวนิยาย
นว.ก759พ 2550 ฉ.1 
  Barcode: 022006
ห้องสมุดวิทยาเขตสวรรค์ประชารักษ์
►นวนิยาย
บนชั้น
  ขอยืม

BibComment


ยังไม่เคยถูกคอมเมนท์

คอมเมนท์ทรัพยากรรายการนี้
  คอมเมนท์: เพียงถ้าวันนั้นฉ..


 Copyright 2026. Bcnsprnw @Library